[Event "Sachsen-Anhalt Verbandsliga 1920"]
[Site "Sachsen Anhalt"]
[Date "2019.11.17"]
[Round "3.8"]
[White "Wolf, Matthias"]
[Black "Kluge, Tim"]
[Result "1/2-1/2"]
[WhiteElo "1732"]
[BlackElo "1633"]
[PlyCount "24"]
[EventDate "2019.09.29"]
[EventType "team-tourn"]
[EventRounds "9"]
[EventCountry "GER"]
[SourceTitle "EXT 2023"]
[Source "ChessBase"]
[SourceDate "2022.10.05"]
[SourceVersion "1"]
[SourceVersionDate "2022.10.05"]
[SourceQuality "1"]
[WhiteTeam "Magdeburg SC Norbertus"]
[BlackTeam "Reideburg 90 Halle"]
[WhiteTeamCountry "GER"]
[BlackTeamCountry "GER"]

1. Nf3 Nc6 2. d4 d5 3. Bf4 Nf6 4. e3 Bg4 5. Be2 e6 6. Ne5 Bxe2 7. Qxe2 a6 8. Nd2 Bd6 9. Nxc6 bxc6 10. Bxd6 Qxd6 11. 0-0 c5 12. c3 0-0 1/2-1/2